[Event "World Blitz 2023"]
[Site "Samarkand UZB"]
[Date "2023.12.29"]
[EventDate "2023.12.29"]
[Round "8.52"]
[Result "1-0"]
[White "Gabriel Gaehwiler"]
[Black "Jaloliddin Ilkhomi"]
[WhiteElo "2448"]
[BlackElo "2054"]
[PlyCount "130"]

1. d4 Nf6 2. Nf3 e6 3. e3 b6 4. Bd3 Bb7 5. O-O d5 6. Nbd2 Nbd7 7. Qe2 Ne4
8. b3 Bd6 9. Bb2 O-O 10. Ne5 Nxd2 11. Qxd2 f6 12. Nxd7 Qxd7 13. Rae1 f5 14.
f3 Qe7 15. g3 Qg5 16. Bc1 Rae8 17. Qg2 Qg6 18. Bd2 e5 19. dxe5 Bxe5 20. g4
Bc8 21. f4 Bd6 22. Qxd5+ Be6 23. Qg2 Qxg4 24. Qxg4 fxg4 25. e4 a5 26. Kg2
Re7 27. e5 Bc5 28. f5 Bd5+ 29. Kg3 Rfe8 30. Bf4 Bb4 31. Re2 Bc3 32. e6 h5
33. Bg5 Bf6 34. Bxf6 gxf6 35. Kh4 Rg7 36. Be4 Bxe4 37. Rxe4 Rg5 38. Kg3 Kf8
39. Kf4 Ke7 40. Rd4 Rd8 41. Rxd8 Kxd8 42. Rd1+ Ke8 43. Rd7 h4 44. Rd2 g3
45. hxg3 Rxg3 46. Rh2 Rc3 47. Rxh4 Rxc2 48. Rh8+ Ke7 49. Rh7+ Ke8 50. Rf7
Rf2+ 51. Ke4 Re2+ 52. Kf3 Rxa2 53. Rxf6 Rb2 54. Rh6 Rxb3+ 55. Ke4 Ke7 56.
Rh7+ Kd6 57. Rd7+ Kc6 58. f6 Rb1 59. f7 Re1+ 60. Kf5 Rf1+ 61. Kg6 a4 62.
Rd8 a3 63. f8=Q Rxf8 64. Rxf8 a2 65. Ra8 1-0

[Event "World Blitz 2023"]
[Site "Samarkand UZB"]
[Date "2023.12.29"]
[EventDate "2023.12.29"]
[Round "8.53"]
[Result "0-1"]
[White "Alan Pichot"]
[Black "Gianmarco Leiva"]
[WhiteElo "2592"]
[BlackElo "2338"]
[PlyCount "46"]

1. e4 c6 2. Nc3 d5 3. Nf3 dxe4 4. Nxe4 Nf6 5. Qe2 Nxe4 6. Qxe4 Be6 7. b3
Nd7 8. Bb2 Nf6 9. Qf4 g6 10. Ng5 Bg7 11. Nxe6 fxe6 12. O-O-O Nd5 13. Qe4
Bxb2+ 14. Kxb2 Qd6 15. Re1 O-O 16. f3 Rf6 17. Qe5 a5 18. a4 Nc7 19. d4 Rf5
20. Qxd6 exd6 21. Bd3 Rf6 22. h4 h6 23. Re4 Kf7 0-1

[Event "World Blitz 2023"]
[Site "Samarkand UZB"]
[Date "2023.12.29"]
[EventDate "2023.12.29"]
[Round "8.54"]
[Result "1/2-1/2"]
[White "Akmal Fayzullaev"]
[Black "Sabino Brunello"]
[WhiteElo "2342"]
[BlackElo "2573"]
[PlyCount "132"]

1. d4 Nf6 2. c4 e6 3. Nc3 d5 4. Bg5 Bb4 5. e3 O-O 6. cxd5 exd5 7. Bd3 c5 8.
Ne2 Nc6 9. dxc5 Bxc5 10. O-O h6 11. Bh4 Be7 12. a3 Re8 13. Rc1 Be6 14. Bb1
g5 15. Bg3 Bf8 16. Qd3 Rc8 17. Rfd1 a6 18. h3 Bg7 19. b4 Qe7 20. Na4 Ne4
21. Nc5 Nxc5 22. Qh7+ Kf8 23. Rxc5 Red8 24. Kh2 Ne5 25. Rxc8 Bxc8 26. Nd4
Nc4 27. Qc2 Nxa3 28. Qh7 Nxb1 29. Rxb1 Qe4 30. Qxe4 dxe4 31. b5 a5 32. Bc7
Rd5 33. Bxa5 Bxd4 34. exd4 Rxd4 35. Bc3 Rd5 36. b6 f5 37. Rc1 Be6 38. Bb4+
Kf7 39. Rc7+ Rd7 40. Rxd7+ Bxd7 41. g3 Kg6 42. Bd2 h5 43. h4 gxh4 44. gxh4
Kf6 45. Kg3 Ke5 46. Bf4+ Kd4 47. Be3+ Kd3 48. Kf4 Ke2 49. Kg5 Kf3 50. Kxh5
f4 51. Bc5 e3 52. fxe3 fxe3 53. Kg5 e2 54. Bb4 Kf2 55. h5 Ba4 56. h6 Bc2
57. Kf6 e1=Q 58. Bxe1+ Kxe1 59. Ke7 Kd2 60. Kd7 Be4 61. Kc7 Kc3 62. h7 Bxh7
63. Kxb7 Be4+ 64. Kc7 Kd4 65. b7 Bxb7 66. Kxb7 Ke4 1/2-1/2

[Event "World Blitz 2023"]
[Site "Samarkand UZB"]
[Date "2023.12.29"]
[EventDate "2023.12.29"]
[Round "8.55"]
[Result "1-0"]
[White "Surya Shekhar Ganguly"]
[Black "Alisher Suleymenov"]
[WhiteElo "2549"]
[BlackElo "2326"]
[PlyCount "56"]

1. e4 c5 2. Nf3 Nc6 3. c3 Nf6 4. e5 Nd5 5. Bc4 Nb6 6. Bb3 c4 7. Bc2 g6 8.
O-O Bg7 9. Re1 O-O 10. d4 cxd3 11. Qxd3 d6 12. exd6 exd6 13. Bg5 Qc7 14.
Qd1 d5 15. Nbd2 h6 16. Bh4 a5 17. Bg3 Qd8 18. Ne5 a4 19. a3 Re8 20. Ndf3
Nc4 21. Nxc4 Rxe1+ 22. Qxe1 dxc4 23. Rd1 Qb6 24. Qe8+ Kh7 25. Qxf7 Nd8 26.
Rxd8 Qxd8 27. Be5 Qf8 28. Bxg6+ 1-0

[Event "World Blitz 2023"]
[Site "Samarkand UZB"]
[Date "2023.12.29"]
[EventDate "2023.12.29"]
[Round "8.56"]
[Result "0-1"]
[White "Anton Demchenko"]
[Black "Saidakbar Saydaliev"]
[WhiteElo "2545"]
[BlackElo "2323"]
[PlyCount "112"]

1. e4 e5 2. Nf3 Nc6 3. Bc4 Nf6 4. d3 Bc5 5. Bg5 h6 6. Bh4 Be7 7. Bg3 d6 8.
a4 Be6 9. Bxe6 fxe6 10. c3 Qd7 11. Nbd2 O-O 12. h3 Nh5 13. O-O Nxg3 14.
fxg3 d5 15. Kh2 Rad8 16. b4 Bd6 17. Qb3 Ne7 18. Rae1 c6 19. Qc2 Qc7 20. Kh1
Ng6 21. Re2 Rf7 22. Rfe1 a5 23. bxa5 Qxa5 24. Nf1 Ra8 25. h4 Qxa4 26. Qb1
Qa3 27. Rc1 b5 28. N1h2 Nf8 29. Ng4 Nd7 30. d4 exd4 31. cxd4 Rxf3 32. e5
Rxg3 33. Nxh6+ gxh6 34. exd6 Nf8 35. Rf1 Rg4 36. Qe1 Qg3 37. Qxg3 Rxg3 38.
Rc2 Ra6 39. Rfc1 Rg7 40. Rxc6 Rxc6 41. Rxc6 Rb7 42. Rc3 b4 43. Rb3 Kf7 44.
g4 Nd7 45. Kg2 e5 46. dxe5 Nxe5 47. Kg3 Ke6 48. h5 Kxd6 49. Kf4 d4 50. g5
hxg5+ 51. Kxg5 d3 52. h6 Kd5 53. Rb1 Kd4 54. Kf6 Ng4+ 55. Kg5 Nxh6 56. Ra1
0-1

[Event "World Blitz 2023"]
[Site "Samarkand UZB"]
[Date "2023.12.29"]
[EventDate "2023.12.29"]
[Round "8.57"]
[Result "0-1"]
[White "Daniyal Sapenov"]
[Black "Chongsheng Zeng"]
[WhiteElo "2289"]
[BlackElo "2504"]
[PlyCount "134"]

1. d4 Nf6 2. Nf3 g6 3. c4 Bg7 4. Nc3 d5 5. cxd5 Nxd5 6. e4 Nxc3 7. bxc3 c5
8. Bb5+ Nd7 9. O-O O-O 10. Rb1 Nf6 11. Bd3 b6 12. d5 Bg4 13. c4 Nd7 14. h3
Bxf3 15. Qxf3 Qc7 16. Qe2 Bd4 17. Kh1 e5 18. f4 exf4 19. Bxf4 Ne5 20. Rbd1
f6 21. Bc2 Qd7 22. Bb3 Rae8 23. Bh2 Kg7 24. a4 Nf7 25. Bc2 Be5 26. Bg1 Nd6
27. Rf3 h5 28. a5 Rb8 29. Rb3 Qc7 30. axb6 axb6 31. Rdb1 Rb7 32. Rf3 Ra7
33. Rfb3 Rb8 34. Bd3 Ra4 35. Qc2 Ra6 36. Qc1 Rba8 37. Qe1 Nc8 38. Bf1 Qe7
39. Rf3 Ra2 40. Rf2 R2a3 41. Qe2 R8a6 42. Qc2 Nd6 43. Rf3 Ra2 44. Qd3 Nf7
45. Rf2 R2a3 46. Qc2 Ng5 47. Re2 Bd6 48. Rb3 Ra1 49. Rb1 R1a4 50. e5 Bxe5
51. Rxb6 Rxb6 52. Qxa4 Rb1 53. h4 Nf7 54. Rf2 Bd4 55. Re2 Qd6 56. Bxd4
Rxf1+ 57. Bg1 Qf4 58. g3 Qxg3 59. Rg2 Qxh4+ 60. Rh2 Qe4+ 61. Rg2 Re1 62.
Qd7 Re2 63. Qh3 Ng5 64. Qh2 Rd2 65. Bxc5 Rd1+ 66. Bg1 Kh6 67. Qg3 Rd3 0-1

[Event "World Blitz 2023"]
[Site "Samarkand UZB"]
[Date "2023.12.29"]
[EventDate "2023.12.29"]
[Round "8.59"]
[Result "1-0"]
[White "Deshun Xiu"]
[Black "Kanan Garayev"]
[WhiteElo "2493"]
[BlackElo "2260"]
[PlyCount "140"]

1. d4 d5 2. c4 e6 3. Nc3 c5 4. e3 Nf6 5. Nf3 a6 6. a3 dxc4 7. Bxc4 b5 8.
Be2 Bb7 9. O-O Nbd7 10. e4 Nxe4 11. Nxe4 Bxe4 12. a4 b4 13. Re1 Be7 14. Bc4
Nf6 15. Bg5 Bd5 16. Bxd5 Nxd5 17. Bxe7 Qxe7 18. Rc1 c4 19. Rxc4 O-O 20. Qc2
Qf6 21. Ne5 Rfd8 22. a5 h5 23. g3 h4 24. Qe4 hxg3 25. hxg3 Rac8 26. Nc6 Rd6
27. Rec1 g6 28. Qe5 Kg7 29. Qxd6 Qf3 30. Qe5+ f6 31. Qxe6 Rh8 32. Qd7+ Kf8
33. Qd8+ Kg7 34. Qxh8+ Kxh8 35. Nxb4 Ne7 36. R4c3 Qb7 37. Nc6 Nf5 38. b4
Qb5 39. Re1 Qd5 40. Ne7 Qxd4 41. Rc8+ Kg7 42. Nxf5+ gxf5 43. Rb8 Qd6 44.
Rb6 Qd3 45. Re3 Qd1+ 46. Kg2 Qd5+ 47. Rf3 Qc4 48. Rxf5 Qe4+ 49. Rf3 f5 50.
Rxa6 Qxb4 51. Ra7+ Kg6 52. Ra6+ Kg5 53. Rb6 Qe4 54. Rb3 Kg4 55. Ra3 Qa8 56.
Ra4+ Kg5 57. a6 Qa7 58. Rff4 Qa8+ 59. Kg1 Qa7 60. Kf1 Kg6 61. Ra5 Qb6 62.
Rfxf5 Qb1+ 63. Kg2 Qe4+ 64. Rf3 Qb4 65. Raa3 Qb8 66. a7 Qa8 67. Kg1 Kg5 68.
Rfb3 Kg4 69. Rb4+ Kg5 70. Rb8 1-0

[Event "World Blitz 2023"]
[Site "Samarkand UZB"]
[Date "2023.12.29"]
[EventDate "2023.12.29"]
[Round "8.60"]
[Result "0-1"]
[White "Mergen Kakabayev"]
[Black "Andrey Gorovets"]
[WhiteElo "2255"]
[BlackElo "2418"]
[PlyCount "84"]

1. e4 c5 2. Nf3 Nc6 3. d4 cxd4 4. Nxd4 Nf6 5. Nc3 e5 6. Ndb5 d6 7. Bg5 a6
8. Na3 Be6 9. Nc4 Rb8 10. Ne3 Be7 11. Bxf6 Bxf6 12. Ncd5 Bg5 13. c3 O-O 14.
Bc4 g6 15. O-O Kh8 16. Bb3 Bh6 17. Kh1 b5 18. Qe2 Na5 19. Rad1 Nxb3 20.
axb3 f5 21. exf5 gxf5 22. f4 e4 23. Qh5 Bg7 24. b4 Rb7 25. Rd2 Qe8 26. Qxe8
Rxe8 27. Rfd1 h5 28. h4 Kh7 29. g3 Kg6 30. Kg2 Bf8 31. Ra1 Ra8 32. Rdd1
Raa7 33. Ra5 Bc8 34. Rda1 Rb8 35. Kf2 Kf7 36. R5a2 Ke6 37. Rd1 Bd7 38. Nc2
Bg7 39. Nde3 Ke7 40. Nd4 Kf6 41. Raa1 Rba8 42. Ra5 0-1

[Event "World Blitz 2023"]
[Site "Samarkand UZB"]
[Date "2023.12.29"]
[EventDate "2023.12.29"]
[Round "8.61"]
[Result "0-1"]
[White "Tigran K Harutyunyan"]
[Black "Eldiar Orozbaev"]
[WhiteElo "2407"]
[BlackElo "2236"]
[PlyCount "58"]

1. c4 c5 2. Nf3 Nc6 3. Nc3 g6 4. e3 Bg7 5. d4 d6 6. d5 Ne5 7. Nxe5 Bxe5 8.
Bd3 f5 9. O-O Nf6 10. Ne2 Nd7 11. f4 Bg7 12. e4 fxe4 13. Bxe4 Nf6 14. Bd3
O-O 15. Ng3 e6 16. dxe6 Bxe6 17. f5 Bd7 18. fxg6 Ng4 19. gxh7+ Kh8 20.
Rxf8+ Qxf8 21. Ne4 Re8 22. h3 Bd4+ 23. Kh1 Rxe4 24. hxg4 Rxg4 25. Qe1 Bf2
26. Qc3+ Bd4 27. Qe1 Bc6 28. Be3 Bxg2+ 29. Kh2 Be5+ 0-1

[Event "World Blitz 2023"]
[Site "Samarkand UZB"]
[Date "2023.12.29"]
[EventDate "2023.12.29"]
[Round "8.62"]
[Result "0-1"]
[White "Sumiya Chinguun"]
[Black "Aldiyar Ansat"]
[WhiteElo "2200"]
[BlackElo "2404"]
[PlyCount "82"]

1. e4 c5 2. Nc3 Nc6 3. Bb5 Nd4 4. Nf3 a6 5. Bd3 g6 6. b4 b6 7. O-O Bg7 8.
bxc5 bxc5 9. Nxd4 cxd4 10. Ne2 d5 11. Rb1 Nh6 12. Bb2 dxe4 13. Bxe4 Ra7 14.
Bc6+ Kf8 15. Ba3 Bf6 16. Bc5 Rc7 17. Bb6 Kg7 18. Bf3 Be6 19. Bxc7 Qxc7 20.
h3 Bxa2 21. Ra1 Bc4 22. d3 Bb5 23. Ng3 Rc8 24. Ra2 Be5 25. Ne4 Nf5 26. Bg4
e6 27. Qd2 h5 28. Bd1 Ne7 29. Qg5 Nd5 30. g3 f6 31. Qd2 h4 32. gxh4 Rh8 33.
h5 Nf4 34. Bg4 f5 35. Ng5 fxg4 36. hxg4 Qe7 37. Nf3 Bb8 38. Re1 Qf6 39. h6+
Kh7 40. Qb4 Rf8 41. Kf1 Nh3 0-1

[Event "World Blitz 2023"]
[Site "Samarkand UZB"]
[Date "2023.12.29"]
[EventDate "2023.12.29"]
[Round "8.63"]
[Result "1/2-1/2"]
[White "Ortik Nigmatov"]
[Black "Felix Xie"]
[WhiteElo "2382"]
[BlackElo "2107"]
[PlyCount "126"]

1. e4 c5 2. Nf3 e6 3. d4 cxd4 4. Nxd4 Nf6 5. Nc3 Nc6 6. Ndb5 Bc5 7. Bf4 O-O
8. Bc7 Qe7 9. Bd6 Bxd6 10. Qxd6 Qd8 11. O-O-O a6 12. Nd4 Ne7 13. f3 b5 14.
a3 Ne8 15. Qg3 Bb7 16. h4 d6 17. h5 h6 18. Kb1 e5 19. Nb3 Nf6 20. Qf2 Qc7
21. Bd3 Bc6 22. g4 Nh7 23. f4 exf4 24. Qxf4 Ng5 25. Nd4 Bd7 26. Nf5 Bxf5
27. gxf5 f6 28. Be2 Rad8 29. Rd2 Nc6 30. Nd5 Qb7 31. Rhd1 Ne5 32. Qe3 Rf7
33. Rd4 Rfd7 34. Qb3 Kh7 35. Nf4 Qc6 36. Ne6 Rc8 37. Nxg5+ hxg5 38. c3 Re8
39. Rh1 Kh6 40. Rh2 Qc7 41. Qd5 Qc5 42. Qb3 Qc7 43. Bd1 Red8 44. Rhd2 Re7
45. Be2 Qc6 46. Qb4 Red7 47. Rd5 Nf7 48. Qd4 Re7 49. Ka2 Qc7 50. Qb4 Ne5
51. Rxd6 Red7 52. Rxd7 Rxd7 53. Rxd7 Qxd7 54. a4 bxa4 55. Ka3 g4 56. Qf8
Kxh5 57. Qh8+ Kg5 58. Qh2 Qd2 59. Qf2 Qf4 60. Qg2 Qd2 61. Qf2 Qf4 62. Qg2
Qd2 63. Qf2 Qf4 1/2-1/2

[Event "World Blitz 2023"]
[Site "Samarkand UZB"]
[Date "2023.12.29"]
[EventDate "2023.12.29"]
[Round "8.64"]
[Result "0-1"]
[White "Faustino Oro"]
[Black "Artem Pingin"]
[WhiteElo "2105"]
[BlackElo "2358"]
[PlyCount "80"]

1. Nf3 d5 2. g3 c5 3. Bg2 Nf6 4. O-O e6 5. d4 cxd4 6. Nxd4 e5 7. Nb3 Be6 8.
c4 Nc6 9. cxd5 Nxd5 10. Bd2 Be7 11. Nc3 Nxc3 12. Bxc3 Qc7 13. Rc1 O-O 14.
Qd3 Rad8 15. Qb5 a6 16. Qa4 Qb8 17. Rfd1 Rc8 18. Na5 Nxa5 19. Qxa5 Rc5 20.
Qb6 Rb5 21. Qe3 Bxa2 22. Rd7 Bc5 23. Qf3 b6 24. Rcd1 Be6 25. Rb7 Qc8 26.
Bxe5 Bxf2+ 27. Qxf2 Rxe5 28. Rxb6 Qc2 29. Re1 a5 30. Bf3 h5 31. Qd4 Qf5 32.
Rc1 Qf6 33. Qf4 Rf5 34. Qe4 Rd8 35. Kg2 Qg5 36. Rc7 Bd5 37. Qh4 Bxf3+ 38.
exf3 Rd2+ 39. Kh3 Qxh4+ 40. gxh4 Rxf3# 0-1

[Event "World Blitz 2023"]
[Site "Samarkand UZB"]
[Date "2023.12.29"]
[EventDate "2023.12.29"]
[Round "8.65"]
[Result "0-1"]
[White "Kirill Shevchenko"]
[Black "Jamshid Mustafaev"]
[WhiteElo "2603"]
[BlackElo "2323"]
[PlyCount "72"]

1. e4 c5 2. c3 Nf6 3. e5 Nd5 4. Bc4 e6 5. d4 cxd4 6. cxd4 d6 7. Nf3 Nc6 8.
O-O Be7 9. Qc2 dxe5 10. dxe5 Qc7 11. Nc3 Nxc3 12. Qxc3 O-O 13. Bd3 Bd7 14.
Qc4 Rfc8 15. Qg4 Nxe5 16. Bxh7+ Kf8 17. Nxe5 Qxe5 18. Bf4 Qf6 19. Rad1 Bc6
20. Rfe1 Rd8 21. Bc2 Rxd1 22. Bxd1 Rd8 23. Be5 Qg5 24. Qh3 Bf6 25. f4 Qg6
26. Bh5 Qc2 27. Bxf6 gxf6 28. Qa3+ Kg7 29. Qg3+ Kf8 30. Be2 Qc5+ 31. Kh1
Rd2 32. h4 Rxb2 33. h5 Rxe2 34. Rxe2 Qxh5+ 35. Kg1 Qxe2 36. Qa3+ Ke8 0-1

[Event "World Blitz 2023"]
[Site "Samarkand UZB"]
[Date "2023.12.29"]
[EventDate "2023.12.29"]
[Round "8.66"]
[Result "1-0"]
[White "Mikhail Markov"]
[Black "Giovanni Vescovi"]
[WhiteElo "2255"]
[BlackElo "2593"]
[PlyCount "116"]

1. c4 Nf6 2. Nf3 e6 3. g3 b6 4. Bg2 Bb7 5. O-O c5 6. Nc3 Be7 7. d4 cxd4 8.
Qxd4 Nc6 9. Qf4 d6 10. Rd1 a6 11. b3 Qc7 12. Ba3 Rd8 13. Rac1 Qb8 14. Na4
Ba8 15. Nc3 O-O 16. Rc2 b5 17. cxb5 axb5 18. Bb2 b4 19. Ne4 Nxe4 20. Qxe4
Ne5 21. Qe3 Nd7 22. Nd4 Bxg2 23. Kxg2 Ne5 24. f4 Qb7+ 25. Kh3 Bf6 26. Rdc1
Ng6 27. Nc6 Ra8 28. Bxf6 gxf6 29. Qf3 f5 30. Qd3 d5 31. Qd4 Rfc8 32. Nxb4
Rxc2 33. Rxc2 e5 34. fxe5 f4 35. gxf4 Qd7+ 36. Kg3 Qf5 37. Nd3 h5 38. Qxd5
Re8 39. Qf3 Kh7 40. Kf2 Rg8 41. Rc7 Nh4 42. Qd5 Rg2+ 43. Ke1 Kg6 44. Qd6+
Kg7 45. Qd4 Kh6 46. e6 Qa5+ 47. b4 Qxc7 48. Qh8+ Kg6 49. e7 Qxe7 50. Ne5+
Kf5 51. Qc8+ Kxf4 52. Nd3+ Kg5 53. Nc1 Rg1+ 54. Kd2 Qd6+ 55. Nd3 Ng6 56. a4
Ra1 57. a5 Ra2+ 58. Kd1 Qxh2 1-0

[Event "World Blitz 2023"]
[Site "Samarkand UZB"]
[Date "2023.12.29"]
[EventDate "2023.12.29"]
[Round "8.67"]
[Result "1-0"]
[White "Nikolay Averin"]
[Black "Vugar Asadli"]
[WhiteElo "2283"]
[BlackElo "2584"]
[PlyCount "80"]

1. e4 c5 2. Nf3 e6 3. d4 cxd4 4. Nxd4 Nf6 5. Nc3 Nc6 6. Ndb5 Bc5 7. Bf4 O-O
8. Bc7 Qe7 9. Bd6 Bxd6 10. Qxd6 Qd8 11. Nc7 Rb8 12. Be2 b5 13. e5 Ne8 14.
Nxe8 Rxe8 15. O-O b4 16. Ne4 Qb6 17. Bd3 Qd4 18. Qxd4 Nxd4 19. a3 bxa3 20.
b3 Nc6 21. f4 Nb4 22. Nd6 Rd8 23. Be4 f5 24. exf6 gxf6 25. Rxa3 f5 26. Bf3
Nxc2 27. Rxa7 Nd4 28. b4 Kf8 29. Rc1 Ke7 30. Nxc8+ Rdxc8 31. Rxc8 Rxc8 32.
Kf2 Rb8 33. Rb7 Rxb7 34. Bxb7 Nc2 35. b5 Na3 36. Ba6 Nc4 37. Ke2 Kd6 38.
Kd3 Kc5 39. h3 Nd6 40. g4 1-0

[Event "World Blitz 2023"]
[Site "Samarkand UZB"]
[Date "2023.12.29"]
[EventDate "2023.12.29"]
[Round "8.68"]
[Result "0-1"]
[White "Harold Wanyama"]
[Black "Roman Kezin"]
[WhiteElo "2228"]
[BlackElo "2492"]
[PlyCount "116"]

1. d4 d5 2. c4 e6 3. g3 Nf6 4. Bg2 Be7 5. Nf3 O-O 6. O-O dxc4 7. Qc2 b5 8.
a4 b4 9. Qxc4 Ba6 10. Qc2 Nbd7 11. Re1 Rc8 12. Ne5 c5 13. Nc6 cxd4 14. Qd1
Qe8 15. Nxe7+ Qxe7 16. Qxd4 Nb6 17. a5 Rfd8 18. Qh4 Nc4 19. b3 Ne5 20. Bd2
Nc6 21. Bxc6 Rxc6 22. Bxb4 Qc7 23. Na3 Nd5 24. Bd2 Ne7 25. Be3 Nf5 26. Qf4
Nxe3 27. fxe3 Qxa5 28. Nc4 Qb4 29. Red1 Rf8 30. Ne5 Qb6 31. Nd7 Qb7 32.
Nxf8 Kxf8 33. Qd4 Rc8 34. Qd6+ Ke8 35. Qxa6 Qb8 36. Qa4+ Kf8 37. Qd4 Kg8
38. Rac1 Rf8 39. b4 Qb7 40. Rc5 g6 41. Rdc1 h5 42. Rc7 Qb5 43. Qf6 Qxe2 44.
Rc8 Qxe3+ 45. Qf2 Qa3 46. Rxf8+ Kxf8 47. Rc8+ Kg7 48. Qd4+ f6 49. Rc7+ Kh6
50. Qxf6 Qe3+ 51. Qf2 Qd3 52. Rf7 Qb1+ 53. Kg2 Qe4+ 54. Qf3 Qc2+ 55. Kh3 e5
56. Qe3+ g5 57. Qxe5 g4+ 58. Kh4 Qxh2# 0-1

[Event "World Blitz 2023"]
[Site "Samarkand UZB"]
[Date "2023.12.29"]
[EventDate "2023.12.29"]
[Round "8.69"]
[Result "0-1"]
[White "Shahruh Turayev"]
[Black "Sandipan Chanda"]
[WhiteElo "2168"]
[BlackElo "2490"]
[PlyCount "50"]

1. e4 c5 2. Nc3 d6 3. f4 g6 4. Nf3 Bg7 5. Bc4 Nc6 6. O-O e6 7. d3 Nge7 8.
Qe1 O-O 9. f5 gxf5 10. Qg3 Kh8 11. Kh1 d5 12. exd5 exd5 13. Bb3 Be6 14. Bg5
Qd7 15. Rae1 Ng8 16. Qh4 Rae8 17. Bf4 d4 18. Nb5 Bf6 19. Ng5 h6 20. Nd6 Re7
21. Qh5 Bxb3 22. axb3 Rxe1 23. Rxe1 Bxg5 24. Bxg5 Qxd6 25. g3 Qg6 0-1

[Event "World Blitz 2023"]
[Site "Samarkand UZB"]
[Date "2023.12.29"]
[EventDate "2023.12.29"]
[Round "8.70"]
[Result "1/2-1/2"]
[White "Arystan Isanzhulov"]
[Black "David Akhmedov"]
[WhiteElo "2431"]
[BlackElo "2154"]
[PlyCount "130"]

1. e4 c5 2. Nf3 d6 3. Nc3 Nf6 4. e5 dxe5 5. Nxe5 a6 6. g3 Nbd7 7. d4 e6 8.
Nxd7 Qxd7 9. Be3 Qc6 10. Rg1 cxd4 11. Qxd4 Be7 12. Bg2 Qc7 13. Bf4 Qa5 14.
Bd6 Qd8 15. O-O-O Qxd6 16. Qxd6 Bxd6 17. Rxd6 Ke7 18. Rb6 Nd7 19. Rb4 Ra7
20. a4 Rd8 21. a5 Ne5 22. Re1 Nc6 23. Bxc6 bxc6 24. Rb6 Rc7 25. Re5 c5 26.
f4 Bb7 27. Na4 Bf3 28. Nc3 Rd6 29. b3 f6 30. Re3 Bb7 31. Na4 Kd7 32. Nxc5+
Rxc5 33. Rxb7+ Rc7 34. Rb8 Rc8 35. Rxc8 Kxc8 36. Rc3+ Kb7 37. Rc5 g6 38. b4
h5 39. h3 h4 40. gxh4 Rd4 41. c3 Rxf4 42. h5 g5 43. b5 axb5 44. Rxb5+ Ka6
45. Rb6+ Kxa5 46. Rxe6 Rh4 47. Rxf6 Rxh3 48. h6 Rxc3+ 49. Kd2 Rh3 50. Ke2
g4 51. Kf2 Kb5 52. Kg2 Kc5 53. Rf5+ Kd6 54. Ra5 Kc6 55. Ra7 Kb6 56. Rh7 Kc6
57. Rh8 Kb7 58. Kf2 Ka7 59. Rh7+ Ka6 60. Ke2 Kb6 61. Kf1 Ka6 62. Kg2 Kb6
63. Rh8 Ka7 64. h7 Kb7 65. Kf2 Ka7 1/2-1/2

[Event "World Blitz 2023"]
[Site "Samarkand UZB"]
[Date "2023.12.29"]
[EventDate "2023.12.29"]
[Round "8.71"]
[Result "1-0"]
[White "Sumiya Bilguun"]
[Black "Roman Shogdzhiev"]
[WhiteElo "2407"]
[BlackElo "2117"]
[PlyCount "82"]

1. e4 c5 2. Nc3 d6 3. f4 Nc6 4. Nf3 g6 5. Bc4 Bg7 6. O-O e6 7. d4 cxd4 8.
Nb5 Nge7 9. Bb3 O-O 10. Nbxd4 Nxd4 11. Nxd4 Nc6 12. Be3 Qe7 13. Qd2 a6 14.
Rad1 Nxd4 15. Bxd4 Bxd4+ 16. Qxd4 Rd8 17. c4 Qc7 18. c5 Bd7 19. cxd6 Qa5
20. f5 exf5 21. Qf6 Qc5+ 22. Kh1 Be6 23. Bxe6 fxe6 24. Qxe6+ Kh8 25. exf5
Rf8 26. fxg6 Qb5 27. Rf7 Rxf7 28. gxf7 Kg7 29. h3 Rf8 30. d7 Qg5 31. Qd6
Qd8 32. Qe5+ Kxf7 33. Rf1+ Kg8 34. Qe6+ Kg7 35. Qg4+ Kh8 36. Rxf8+ Qxf8 37.
Qd4+ Kg8 38. d8=Q Qxd8 39. Qxd8+ Kf7 40. Qc7+ Kg6 41. Qxb7 1-0

[Event "World Blitz 2023"]
[Site "Samarkand UZB"]
[Date "2023.12.29"]
[EventDate "2023.12.29"]
[Round "8.72"]
[Result "1/2-1/2"]
[White "Daler Vakhidov"]
[Black "Mohamed Tissir"]
[WhiteElo "2110"]
[BlackElo "2458"]
[PlyCount "94"]

1. d4 Nf6 2. Nf3 d5 3. e3 g6 4. b3 Bg7 5. Bb2 O-O 6. Nbd2 Bf5 7. g3 a5 8.
a3 Ne4 9. Bg2 c5 10. Nh4 cxd4 11. exd4 Nc6 12. Nxf5 gxf5 13. Nf3 e6 14. O-O
Rc8 15. Qe2 Qb6 16. Rfd1 Rfd8 17. Rab1 Rc7 18. Qe3 Rcd7 19. h3 Ne7 20. Ne1
Ng6 21. Nd3 Qc7 22. Rbc1 Qb6 23. h4 Nf6 24. Bf3 h5 25. Qg5 Ne4 26. Qxh5
Bxd4 27. Bxd4 Qxd4 28. Kg2 Rc8 29. Qh6 Ne5 30. Bxe4 Qxe4+ 31. Kh3 Qg4+ 32.
Kh2 Nxd3 33. cxd3 Rdc7 34. Rxc7 Rxc7 35. Rc1 Rxc1 36. Qxc1 Qe2 37. Qg5+ Kh7
38. Kg2 Qxd3 39. Qh5+ Kg7 40. Qg5+ Kf8 41. Qd8+ Kg7 42. Qg5+ Kh7 43. Qh5+
Kg8 44. Qg5+ Kf8 45. Qd8+ Kg7 46. Qg5+ Kf8 47. Qd8+ 1/2-1/2

[Event "World Blitz 2023"]
[Site "Samarkand UZB"]
[Date "2023.12.29"]
[EventDate "2023.12.29"]
[Round "8.73"]
[Result "0-1"]
[White "Sergey Sklokin"]
[Black "Gallego Alcaraz, Andres Felipe"]
[WhiteElo "1995"]
[BlackElo "2384"]
[PlyCount "146"]

1. e4 e6 2. d4 d5 3. exd5 exd5 4. Bd3 Nc6 5. c3 Bd6 6. Nf3 Nge7 7. h3 f6 8.
Qc2 h6 9. Bg6+ Nxg6 10. Qxg6+ Kf8 11. O-O Ne7 12. Qc2 Bf5 13. Qd1 Kf7 14.
Be3 Re8 15. Nbd2 Kg8 16. Re1 c6 17. Nf1 Qd7 18. Ng3 Bxg3 19. fxg3 Bh7 20.
Qd2 Nf5 21. Bf2 Re4 22. g4 Nd6 23. Re3 Nc4 24. Qc1 Nxe3 25. Bxe3 Rae8 26.
Bf2 Re2 27. Nd2 Qd6 28. Nf1 Rc2 29. Qd1 Qf4 30. Bg3 Qe4 31. Qf3 Qxf3 32.
gxf3 Rxb2 33. a4 Bd3 34. Nh2 Ree2 35. Bb8 a6 36. h4 Rb1+ 37. Rxb1 Bxb1 38.
Bc7 Bd3 39. Bd6 Ra2 40. g5 hxg5 41. hxg5 Rxa4 42. gxf6 gxf6 43. Ng4 Kf7 44.
Kf2 Bf5 45. Ne3 Ke6 46. Bc5 Bd3 47. Ng2 Ra2+ 48. Kg3 Rc2 49. Nf4+ Kd7 50.
Nxd3 Rxc3 51. Nb2 Rb3 52. Nd1 a5 53. Kf2 a4 54. Ne3 a3 55. Bxa3 Rxa3 56.
Nf5 Ke6 57. Ng7+ Kf7 58. Nf5 Rb3 59. Ke2 Ke6 60. Ng7+ Kd7 61. Nh5 Ke7 62.
Ng7 b5 63. Nf5+ Ke6 64. Ng7+ Kf7 65. Nf5 Rc3 66. Nd6+ Ke6 67. Nb7 b4 68.
Na5 Kd6 69. Nb7+ Kc7 70. Nc5 Rxc5 71. dxc5 Kb7 72. Kd3 Ka6 73. Kd4 0-1

[Event "World Blitz 2023"]
[Site "Samarkand UZB"]
[Date "2023.12.29"]
[EventDate "2023.12.29"]
[Round "8.74"]
[Result "0-1"]
[White "Timur Yonal"]
[Black "Rojas Salas, Steven"]
[WhiteElo "1862"]
[BlackElo "2210"]
[PlyCount "72"]

1. e4 c5 2. Nc3 e6 3. Nf3 a6 4. d4 cxd4 5. Nxd4 b5 6. Be2 Bb7 7. O-O Nc6 8.
Be3 Qc7 9. Kh1 Nf6 10. a3 h5 11. f3 Rc8 12. Qd2 Ne5 13. Rad1 d6 14. Qe1 Nc4
15. Bxc4 Qxc4 16. Qf2 h4 17. Nb3 Qc7 18. Bb6 Qb8 19. Rd2 Be7 20. Rfd1 Nd7
21. Bd4 Kf8 22. Kg1 Ba8 23. Ba7 Qc7 24. Be3 h3 25. g3 Ne5 26. Re2 Nc4 27.
Bc1 Nxa3 28. f4 Nc4 29. f5 Bf6 30. fxe6 fxe6 31. Bg5 Ke7 32. Bxf6+ gxf6 33.
Rf1 Rcf8 34. Nd4 Qc5 35. Kh1 Kd7 36. Nd1 f5 0-1

[Event "World Blitz 2023"]
[Site "Samarkand UZB"]
[Date "2023.12.29"]
[EventDate "2023.12.29"]
[Round "8.75"]
[Result "1-0"]
[White "Abdumajid Botiraliev"]
[Black "Ernur Amangeldy"]
[WhiteElo "1515"]
[BlackElo "2144"]
[PlyCount "110"]

1. e4 c5 2. Nf3 d6 3. d4 cxd4 4. Nxd4 Nf6 5. f3 e5 6. Nb3 a5 7. a4 Nc6 8.
Nc3 Be7 9. Be3 Be6 10. Qe2 O-O 11. O-O-O Rc8 12. Nc5 Nb4 13. Nxe6 fxe6 14.
Kb1 Nd7 15. Qb5 Qc7 16. Be2 Rfd8 17. Rd2 Nc5 18. Rhd1 Kh8 19. Bxc5 Qxc5 20.
Qxb7 Bf8 21. Qb5 Qc7 22. Na2 Rb8 23. Qc4 Qf7 24. Qb3 d5 25. exd5 exd5 26.
Bb5 Qf4 27. Nxb4 Bxb4 28. Rxd5 Rf8 29. Qd3 Qxh2 30. Qe2 Be7 31. Rxe5 Bf6
32. Red5 Qf4 33. Qe4 Qg3 34. c3 Rbc8 35. Rh5 h6 36. Bd3 Kg8 37. Bc4+ Kh8
38. Rdh1 Bg5 39. Bd3 Kg8 40. Qd5+ Rf7 41. Bg6 Rf8 42. Bxf7+ Rxf7 43. Qa8+
Rf8 44. Qd5+ Rf7 45. R5h2 Qf2 46. g4 Qe3 47. Rd1 Qf4 48. Re2 Qf6 49. Re8+
Kh7 50. Qe4+ g6 51. Re6 Qg7 52. Rdd6 Bf6 53. f4 h5 54. gxh5 Kh6 55. Qxg6+
1-0

[Event "World Blitz 2023"]
[Site "Samarkand UZB"]
[Date "2023.12.29"]
[EventDate "2023.12.29"]
[Round "8.76"]
[Result "0-1"]
[White "David Bogdan"]
[Black "Raymond Song"]
[WhiteElo "1880"]
[BlackElo "2383"]
[PlyCount "50"]

1. e4 c5 2. Nf3 d6 3. d4 cxd4 4. Qxd4 Nf6 5. Nc3 Nc6 6. Bb5 Bd7 7. Bxc6
Bxc6 8. Qd3 e6 9. Bg5 Be7 10. O-O-O O-O 11. Nd4 Qa5 12. Bd2 Qc7 13. f4 Rfc8
14. Kb1 a6 15. Rhg1 b5 16. Nxc6 Qxc6 17. Rde1 b4 18. Nd1 a5 19. g4 d5 20.
e5 Ne4 21. f5 a4 22. c3 a3 23. cxb4 Qc4 24. Re3 Bxb4 25. Bxb4 Qc1# 0-1